[Event "Moscow-Open 2021_B"]
[Site "Moscow"]
[Date "2021.02.23"]
[Round "4.36"]
[White "Tumashevich, Elizaveta"]
[Black "Khamnueva, Mariya"]
[Result "1-0"]
[WhiteElo "1732"]
[BlackElo "1426"]
[PlyCount "65"]
[EventDate "2021.02.20"]

1. d4 Nf6 2. c4 g6 3. Nf3 Bg7 4. g3 d6 5. Bg2 O-O 6. O-O Nbd7 7. Nc3 c5 8. d5
Rb8 9. e4 Ng4 10. Bd2 Nde5 11. Nxe5 Nxe5 12. b3 Bg4 13. f3 Bd7 14. Rb1 Qc8 15.
Qe2 Bh3 16. Rbe1 h5 17. Kh1 a6 18. f4 Bxg2+ 19. Kxg2 Nd7 20. h3 Bd4 21. Qd3 Kg7
22. Be3 Bxe3 23. Rxe3 Rh8 24. e5 Qc7 25. e6 Nf6 26. exf7 Kxf7 27. Ne4 Nxe4 28.
Rxe4 Qd7 29. Re6 Rhg8 30. f5 Ke8 31. f6 Kd8 32. Rxe7 Qc8 33. Qe4 1-0

[Event "Moscow-Open 2021_B"]
[Site "Moscow"]
[Date "2021.02.23"]
[Round "4.37"]
[White "Efimova, Darya"]
[Black "Yusupova, Elina"]
[Result "0-1"]
[WhiteElo "1364"]
[BlackElo "1575"]
[PlyCount "72"]
[EventDate "2021.02.20"]

1. e4 c5 2. b3 b6 3. Bb2 Bb7 4. Nc3 Nf6 5. Qe2 e6 6. f4 Be7 7. Nf3 d5 8. e5
Nfd7 9. O-O-O O-O 10. g4 Nc6 11. h4 a5 12. h5 d4 13. Ne4 a4 14. d3 Qc7 15. g5
Nb4 16. g6 h6 17. f5 Nxe5 18. f6 Bxf6 19. Nxf6+ gxf6 20. gxf7+ Kxf7 21. Bg2
Nxf3 22. Bxf3 Qf4+ 23. Kb1 Bxf3 24. Qf2 Qe3 25. Qg3 Bxd1 26. Qc7+ Kg8 27. Rxd1
axb3 28. axb3 Nd5 29. Qh2 Kf7 30. Qh4 Rg8 31. Qh2 Ra7 32. Qh1 Rh8 33. Qg2 Nc3+
34. Bxc3 dxc3 35. Qg6+ Ke7 36. Qg7+ Kd6 0-1

[Event "Moscow-Open 2021_B"]
[Site "Moscow"]
[Date "2021.02.24"]
[Round "5.8"]
[White "Getman, Tatyana"]
[Black "Yurasova, Daria"]
[Result "1/2-1/2"]
[WhiteElo "2271"]
[BlackElo "2110"]
[PlyCount "82"]
[EventDate "2021.02.20"]

1. c4 c5 2. Nf3 Nf6 3. g3 b6 4. Bg2 Bb7 5. O-O e6 6. Nc3 Be7 7. d4 cxd4 8. Qxd4
O-O 9. Rd1 Qc8 10. b3 d5 11. Bb2 Nc6 12. Qf4 dxc4 13. bxc4 Na5 14. Ne5 Bxg2 15.
Kxg2 Nc6 16. Rac1 Nxe5 17. Qxe5 Qc6+ 18. f3 Rfd8 19. Rxd8+ Rxd8 20. Ne4 Ne8 21.
Qh5 f6 22. h4 Nd6 23. Nxd6 Qxd6 24. Bc3 Qa3 25. Rc2 Qa4 26. Rd2 Rxd2 27. Bxd2
Qxc4 28. Qe8+ Bf8 29. Kf2 e5 30. a4 Qc5+ 31. Be3 Qe7 32. Qa8 Qd7 33. a5 bxa5
34. Bc5 Qf7 35. h5 f5 36. Kg2 h6 37. Ba3 Qf6 38. Qe8 Qf7 39. Qa8 Qf6 40. Qe8
Qf7 41. Qa8 Qf6 1/2-1/2

[Event "Moscow-Open 2021_B"]
[Site "Moscow"]
[Date "2021.02.24"]
[Round "5.9"]
[White "Goltseva, Ekaterina"]
[Black "Bondareva, Daria"]
[Result "1-0"]
[WhiteElo "2295"]
[BlackElo "2066"]
[PlyCount "53"]
[EventDate "2021.02.20"]

1. d4 Nf6 2. c4 e6 3. g3 d5 4. Nf3 dxc4 5. Bg2 Nc6 6. Qa4 Bd7 7. Qxc4 b5 8. Qc2
Rb8 9. a3 Bd6 10. O-O O-O 11. e4 e5 12. dxe5 Nxe5 13. Nxe5 Bxe5 14. Be3 a6 15.
h3 c6 16. Bc5 Re8 17. f4 Bc7 18. Nc3 Nh5 19. Qf2 Qc8 20. Kh2 g6 21. e5 f6 22.
Rae1 Re6 23. Ne4 h6 24. Nd6 Bxd6 25. Bxd6 Ra8 26. g4 Ng7 27. f5 1-0

[Event "Moscow-Open 2021_B"]
[Site "Moscow"]
[Date "2021.02.24"]
[Round "5.10"]
[White "Illina, Natalia"]
[Black "Nosacheva, Mariya"]
[Result "1-0"]
[WhiteElo "2081"]
[BlackElo "2222"]
[PlyCount "65"]
[EventDate "2021.02.20"]

1. e4 e5 2. Nf3 Nc6 3. Bb5 a6 4. Ba4 Nf6 5. O-O Be7 6. Re1 b5 7. Bb3 d6 8. c3
O-O 9. h3 Nb8 10. d4 Nbd7 11. Nbd2 Bb7 12. Bc2 Re8 13. Nf1 Bf8 14. Ng3 g6 15.
a4 c5 16. d5 c4 17. Be3 Qe7 18. Nh2 Kh8 19. Qf3 Bg7 20. Bg5 Rf8 21. h4 h5 22.
Ngf1 Kg8 23. g4 hxg4 24. Nxg4 Nxg4 25. Qxg4 Nf6 26. Bxf6 Bxf6 27. h5 Kg7 28.
Re3 Rh8 29. Rg3 Bc8 30. Qf3 Bd7 31. axb5 axb5 32. Rxa8 Rxa8 33. h6+ 1-0

[Event "Moscow-Open 2021_B"]
[Site "Moscow"]
[Date "2021.02.24"]
[Round "5.11"]
[White "Afanasieva, Alexandra"]
[Black "Zeliantsova, Kseniya"]
[Result "0-1"]
[WhiteElo "1997"]
[BlackElo "2166"]
[PlyCount "56"]
[EventDate "2021.02.20"]

1. e4 c5 2. Nf3 Nc6 3. Bb5 g6 4. Bxc6 bxc6 5. O-O Bg7 6. Re1 Nf6 7. e5 Nd5 8.
c4 Nc7 9. d4 cxd4 10. Qxd4 Ne6 11. Qh4 h5 12. Ng5 d6 13. Nxe6 Bxe6 14. exd6
Qxd6 15. Nc3 Qb4 16. a3 Qxc4 17. Re4 Qb3 18. Rb4 Qc2 19. Bg5 c5 20. Rb7 O-O-O
21. Rxa7 Bxc3 22. h3 Be5 23. Bf4 Rd1+ 24. Rxd1 Qxd1+ 25. Kh2 Qd4 26. Ra8+ Kb7
27. Rxh8 Bxf4+ 28. g3 Qxf2+ 0-1

[Event "Moscow-Open 2021_B"]
[Site "Moscow"]
[Date "2021.02.24"]
[Round "5.12"]
[White "Ilyina, Lada"]
[Black "Miroshnik, Ekaterina"]
[Result "1/2-1/2"]
[WhiteElo "1959"]
[BlackElo "2118"]
[PlyCount "53"]
[EventDate "2021.02.20"]

1. d4 e6 2. Nf3 Nf6 3. c3 b6 4. Bf4 Bb7 5. Nbd2 d5 6. e3 Bd6 7. Bg3 O-O 8. Bd3
c5 9. Qe2 Ne4 10. O-O Nxg3 11. hxg3 Nd7 12. e4 cxd4 13. cxd4 dxe4 14. Bxe4 Bxe4
15. Nxe4 Be7 16. Rac1 Nf6 17. Nxf6+ Bxf6 18. Qe4 Qd7 19. Ne5 Qb5 20. b3 Rad8
21. Rc4 Qd5 22. Qxd5 Rxd5 23. Rc7 Bxe5 24. dxe5 a5 25. f4 g5 26. Rfc1 g4 27.
R1c6 1/2-1/2

[Event "Moscow-Open 2021_B"]
[Site "Moscow"]
[Date "2021.02.24"]
[Round "5.13"]
[White "Alekseeva, Irina"]
[Black "Tokmakova, Ulyana"]
[Result "1/2-1/2"]
[WhiteElo "2113"]
[BlackElo "1882"]
[PlyCount "128"]
[EventDate "2021.02.20"]

1. b3 d5 2. Bb2 c5 3. e3 Nf6 4. f4 Nc6 5. Nf3 e6 6. Bb5 Bd6 7. O-O O-O 8. Bxc6
bxc6 9. Qe1 Ba6 10. d3 c4 11. dxc4 dxc4 12. Qg3 cxb3 13. c4 Bxc4 14. Rd1 Ne8
15. Nc3 Qb8 16. Ne4 Be7 17. Nc5 Bd5 18. Nd7 Qd8 19. Nxf8 Bxf8 20. axb3 Qb6 21.
Nd2 Nd6 22. Bd4 c5 23. Be5 Nf5 24. Qf2 c4 25. bxc4 Bc5 26. Rdb1 Bxe3 27. Rxb6
axb6 28. cxd5 Rxa1+ 29. Bxa1 Bxf2+ 30. Kxf2 exd5 31. Nf3 f6 32. g4 Nd6 33. Ke3
h5 34. h3 Kh7 35. Kd4 Ne4 36. g5 Kg6 37. Kxd5 Kf5 38. Nd4+ Kxf4 39. Ne6+ Kf5
40. Nxg7+ Kxg5 41. Kxe4 Kh4 42. Bxf6+ Kxh3 43. Nxh5 Kg4 44. Nf4 b5 45. Bc3 Kg3
46. Ne2+ Kg4 47. Nd4 Kg5 48. Nxb5 Kg6 49. Nd6 Kg5 50. Kf3 Kh4 51. Ne4 Kh5 52.
Kf4 Kg6 53. Bf6 Kf7 54. Kf5 Ke8 55. Ke6 Kf8 56. Nd6 Kg8 57. Ke7 Kh7 58. Kf7 Kh6
59. Ke6 Kg6 60. Nf7 Kh5 61. Ne5 Kh6 62. Nf3 Kh5 63. Kf7 Kh6 64. Bg5+ Kh7
1/2-1/2

[Event "Moscow-Open 2021_B"]
[Site "Moscow"]
[Date "2021.02.24"]
[Round "5.14"]
[White "Loskutova, Viktoriya"]
[Black "Ivanova, Anastasia S."]
[Result "1/2-1/2"]
[WhiteElo "2096"]
[BlackElo "1830"]
[PlyCount "84"]
[EventDate "2021.02.20"]

1. e4 c5 2. Nf3 d6 3. d4 cxd4 4. Nxd4 Nf6 5. Nc3 a6 6. Be3 e5 7. Nb3 Be6 8. f3
Be7 9. Qd2 O-O 10. O-O-O Nbd7 11. g4 b5 12. g5 b4 13. Ne2 Ne8 14. f4 a5 15. f5
Bxb3 16. cxb3 a4 17. bxa4 Rxa4 18. Kb1 Qa8 19. Nc1 b3 20. Nxb3 Rxa2 21. f6
Nexf6 22. gxf6 Nxf6 23. Bc4 Qxe4+ 24. Qd3 Qa8 25. Rhg1 Kh8 26. Bg5 Ra4 27. Bd5
Qxd5 28. Qxd5 Nxd5 29. Bxe7 Nxe7 30. Rxd6 Rb4 31. Nc5 Rfb8 32. Rg2 Rc8 33. Nd3
Rb5 34. Rd7 Re8 35. Rc2 Nd5 36. Nxe5 f6 37. Nf7+ Kg8 38. Nd6 Re1+ 39. Rc1 Rxc1+
40. Kxc1 Rc5+ 41. Kd2 h5 42. Nf5 Nb6 1/2-1/2

[Event "Moscow-Open 2021_B"]
[Site "Moscow"]
[Date "2021.02.24"]
[Round "5.15"]
[White "Shestakova, Ekaterina"]
[Black "Kochukova, Anna"]
[Result "0-1"]
[WhiteElo "1959"]
[BlackElo "2091"]
[PlyCount "168"]
[EventDate "2021.02.20"]

1. e4 c5 2. c3 e6 3. d4 d5 4. e5 Nc6 5. Nf3 Qb6 6. a3 c4 7. Nbd2 Na5 8. Rb1 Bd7
9. g3 Ne7 10. Bg2 Qc7 11. O-O Nc8 12. Nh4 Be7 13. Qh5 Nb6 14. Re1 Ba4 15. Bh3
g6 16. Qf3 g5 17. Ng2 h5 18. g4 hxg4 19. Bxg4 f5 20. Bxf5 exf5 21. Qxf5 Rf8 22.
Qg6+ Kd8 23. Nf1 Qc6 24. Qg7 Bc2 25. Bxg5 Re8 26. Rbc1 Qg6 27. Bxe7+ Rxe7 28.
Qxg6 Bxg6 29. Nd2 Na4 30. Nf4 Nxb2 31. Nxg6 Rg7 32. Re3 Rxg6+ 33. Rg3 Rxg3+ 34.
hxg3 Na4 35. Nf1 Nb3 36. Rc2 Ke7 37. Ne3 Rd8 38. f4 b5 39. g4 a5 40. Nf5+ Kd7
41. g5 Rf8 42. g6 Rg8 43. Rg2 Nxc3 44. g7 Ne2+ 45. Rxe2 Ke6 46. Ne3 Rxg7+ 47.
Kf2 Nxd4 48. Rd2 Nf5 49. Nxf5 Kxf5 50. Rxd5 b4 51. axb4 axb4 52. Kf3 b3 53. Rb5
Rh7 54. e6+ Kxe6 55. Ke3 c3 56. Rxb3 Rh3+ 57. Kd4 c2 58. Rxh3 c1=Q 59. Rh4 Qd1+
60. Kc4 Qe2+ 61. Kb3 Kf5 62. Ka4 Qe4+ 63. Kb5 Qe7 64. Rh5+ Kxf4 65. Rc5 Ke4 66.
Rc1 Qb7+ 67. Ka4 Kd3 68. Rc5 Qb2 69. Ka5 Kd4 70. Rc8 Qb7 71. Rc1 Qb2 72. Rc8
Qa3+ 73. Kb5 Qb3+ 74. Ka6 Kd5 75. Ka7 Kd6 76. Rb8 Qa4+ 77. Kb7 Qc6+ 78. Ka7
Qc7+ 79. Rb7 Qa5+ 80. Kb8 Kc6 81. Rb1 Qc7+ 82. Ka8 Qa5+ 83. Kb8 Qe5+ 84. Ka8
Qh8+ 0-1

[Event "Moscow-Open 2021_B"]
[Site "Moscow"]
[Date "2021.02.24"]
[Round "5.16"]
[White "Khachatryan, Marieta"]
[Black "Danilova, Rada"]
[Result "0-1"]
[WhiteElo "1830"]
[BlackElo "2048"]
[PlyCount "96"]
[EventDate "2021.02.20"]

1. Nf3 Nf6 2. c4 e6 3. d4 Bb4+ 4. Nbd2 b6 5. e3 Bb7 6. Bd3 Bxd2+ 7. Bxd2 Ne4 8.
O-O f5 9. Qe2 O-O 10. Rac1 d6 11. Bb1 Nd7 12. Ne1 Qh4 13. f3 Nxd2 14. Qxd2 Rae8
15. Nd3 Nf6 16. c5 Re7 17. cxd6 cxd6 18. Qf2 Qh6 19. Nb4 a5 20. Nc2 Nd5 21.
Rfe1 Rc7 22. Qg3 f4 23. exf4 Nxf4 24. Rcd1 Ba6 25. Kh1 Nd3 26. Qxd6 Rcf7 27.
Rxe6 Qg5 28. Rf1 Nf4 29. Rg1 Nxe6 30. Qxe6 Qd8 31. d5 Re8 32. Qh3 Bc8 33. Qg3
Qxd5 34. Qf2 Rf6 35. b4 Qg5 36. bxa5 bxa5 37. Qa7 Rh6 38. Qc7 Rh4 39. Rd1 Rf8
40. Nd4 Rd8 41. Qc2 Qe5 42. g3 Qxg3 43. Rg1 Qf4 44. Rc1 Bb7 45. Qe2 Qd6 46. Rc2
Bxf3+ 47. Nxf3 Qd1+ 48. Qxd1 Rxd1+ 0-1

[Event "Moscow-Open 2021_B"]
[Site "Moscow"]
[Date "2021.02.24"]
[Round "5.17"]
[White "Kiseleva, Arina"]
[Black "Bubeeva, Larisa"]
[Result "0-1"]
[WhiteElo "2035"]
[BlackElo "1810"]
[PlyCount "154"]
[EventDate "2021.02.20"]

1. d4 d5 2. Nf3 Nf6 3. c4 e6 4. Nc3 a6 5. cxd5 exd5 6. Bg5 Be7 7. e3 O-O 8. Qc2
Nbd7 9. Bd3 h6 10. Bf4 b5 11. O-O Bb7 12. Ne5 c5 13. Nxd7 Nxd7 14. dxc5 Nxc5
15. Bf5 Qb6 16. Rfd1 Rfd8 17. Ne2 Ne6 18. Be5 Rac8 19. Qd2 Bd6 20. Bxd6 Qxd6
21. Nd4 Rc5 22. Qe2 Bc8 23. Nb3 Rc4 24. Bd3 Rc7 25. Rd2 Nc5 26. Nxc5 Rxc5 27.
Rad1 Be6 28. Bb1 Qe5 29. Rd4 Rdc8 30. f4 Qf6 31. f5 Bxf5 32. Rf1 Rc1 33. Rdf4
g6 34. Bxf5 gxf5 35. Qd3 Qxb2 36. Qxf5 R8c7 37. Qxd5 Qe2 38. Qd8+ Kh7 39. Qe8
Rxf1+ 40. Rxf1 Qc4 41. a3 a5 42. Qf8 Qe6 43. h3 Qxe3+ 44. Kh1 Qe6 45. Rf3 Qe7
46. Qb8 Rc1+ 47. Kh2 Qc7+ 48. Qxc7 Rxc7 49. Rb3 Rc5 50. g4 Kg6 51. Kg3 f5 52.
Rd3 fxg4 53. Kxg4 Rc4+ 54. Kg3 b4 55. axb4 axb4 56. Rd5 Rc3+ 57. Kg4 Rc4+ 58.
Kf3 Rc3+ 59. Kg4 h5+ 60. Kh4 Rc4+ 61. Kg3 h4+ 62. Kf3 Kf6 63. Ke2 Ke6 64. Rb5
Kd6 65. Kd3 Rf4 66. Ke3 Rc4 67. Kd3 Rc3+ 68. Kd4 Rb3 69. Kc4 Rxh3 70. Kxb4 Rh1
71. Kc3 h3 72. Kb2 Ke6 73. Rc5 Kf6 74. Rh5 Kg6 75. Re5 Rf1 76. Re2 Kg5 77. Kb3
Kg4 0-1

[Event "Moscow-Open 2021_B"]
[Site "Moscow"]
[Date "2021.02.24"]
[Round "5.18"]
[White "Tarasenka, Aliaksandra"]
[Black "Khachatryan, Nadezhda"]
[Result "1-0"]
[WhiteElo "1995"]
[BlackElo "1665"]
[PlyCount "160"]
[EventDate "2021.02.20"]

1. d4 d5 2. c4 dxc4 3. Nf3 Nf6 4. e3 e6 5. Bxc4 c5 6. Qe2 a6 7. dxc5 Bxc5 8.
O-O Nc6 9. e4 b5 10. Bb3 O-O 11. e5 Nd7 12. Bc2 g6 13. Bh6 Re8 14. Nbd2 Qc7 15.
Rfe1 Bb7 16. Rac1 Bf8 17. Bxf8 Kxf8 18. a4 Reb8 19. Bd3 bxa4 20. Nc4 a5 21. Be4
Ba6 22. Qd2 Bxc4 23. Rxc4 Rb6 24. Qc3 Raa6 25. Rc1 Rb3 26. Rxc6 Rxc6 27. Qxc6
Qxc6 28. Bxc6 Nb6 29. Kf1 Rxb2 30. Ra1 Rb4 31. Ke2 Rc4 32. Bb5 Rb4 33. Bd3 Nd5
34. g3 Rb2+ 35. Kf1 Rb3 36. Be2 Nc3 37. Bc4 Rb4 38. Nd2 Ke7 39. Ra3 Nd1 40. Ke2
Nb2 41. Bd3 f6 42. exf6+ Kxf6 43. Ke3 Kg5 44. h3 Kf6 45. Ne4+ Ke7 46. f4 h6 47.
Nd2 Kf6 48. Ne4+ Ke7 49. Nd2 Kf6 50. Be2 e5 51. Ne4+ Ke6 52. Rc3 exf4+ 53. gxf4
Kf7 54. Rc7+ Kf8 55. Rc3 Ke7 56. Nd2 Ke6 57. Rc6+ Kf7 58. Ra6 a3 59. Rxa5 Na4
60. Bc4+ Kf6 61. Bb3 Nc3 62. Rxa3 g5 63. Ra6+ Kg7 64. f5 Rf4 65. Ra7+ Kh8 66.
Rf7 Nb5 67. f6 Nd6 68. Rf8+ Kh7 69. f7 Nf5+ 70. Kd3 Ne7 71. Ne4 Ng6 72. Re8
Rf3+ 73. Kc2 Kg7 74. Rg8+ Kh7 75. Bc4 Rf4 76. Bd5 Rf5 77. Kc3 h5 78. Be6 Rf3+
79. Kd4 Kh6 80. Nd6 Rf6 1-0

[Event "Moscow-Open 2021_B"]
[Site "Moscow"]
[Date "2021.02.24"]
[Round "5.19"]
[White "Shukhman, Anna"]
[Black "Shenker, Angelina"]
[Result "1-0"]
[WhiteElo "1986"]
[BlackElo "1652"]
[PlyCount "151"]
[EventDate "2021.02.20"]

1. e4 c6 2. Nc3 d5 3. Nf3 Bg4 4. h3 Bxf3 5. Qxf3 Nf6 6. d3 e6 7. Bd2 Qb6 8.
O-O-O d4 9. Nb1 Na6 10. Qg3 Rg8 11. Qg5 Bb4 12. a3 Bxd2+ 13. Nxd2 h6 14. Qg3
Qc7 15. Qxc7 Nxc7 16. Be2 O-O-O 17. f4 Nd7 18. g4 e5 19. Rdf1 exf4 20. Rxf4 f6
21. Nc4 Ne6 22. Rf5 Kc7 23. h4 b5 24. Nd2 Ne5 25. Bd1 c5 26. Rg1 Rge8 27. Nf3
Ng6 28. g5 hxg5 29. hxg5 Ne7 30. gxf6 Nxf5 31. exf5 gxf6 32. fxe6 Rxe6 33. Rg6
Kd6 34. b4 Rde8 35. Rg4 Rd8 36. Kb2 Kc6 37. Rf4 Kb6 38. bxc5+ Kxc5 39. Nd2 Kb6
40. Bg4 Rc6 41. Ne4 f5 42. Rxf5 Rdc8 43. Bd1 Rd8 44. Rf4 a5 45. Ng3 Rcd6 46.
Nf5 Rd5 47. Bf3 R5d7 48. Ng3 Rc7 49. Rf6+ Ka7 50. Nf5 Rc5 51. Ne7 Rd7 52. Nc6+
Kb6 53. Ne5+ Kc7 54. Nxd7 Kxd7 55. Rf4 Kc7 56. Rxd4 Kb6 57. Rd6+ Kc7 58. Ra6 a4
59. d4 Rc4 60. Rc6+ Rxc6 61. Bxc6 Kxc6 62. Kc3 Kd5 63. Kb4 Kxd4 64. Kxb5 Kc3
65. Kxa4 Kc4 66. Ka5 Kc5 67. a4 Kc6 68. Kb4 Kb6 69. a5+ Ka6 70. c4 Kb7 71. c5
Ka6 72. c6 Ka7 73. Kb5 Ka8 74. Kb6 Kb8 75. c7+ Kc8 76. a6 1-0

[Event "Moscow-Open 2021_B"]
[Site "Moscow"]
[Date "2021.02.24"]
[Round "5.20"]
[White "Sannikova, Anna"]
[Black "Porozhnyak, Maya"]
[Result "0-1"]
[WhiteElo "1759"]
[BlackElo "1976"]
[PlyCount "113"]
[EventDate "2021.02.20"]

1. Nf3 e6 2. c4 Nf6 3. e3 d5 4. b3 Bd6 5. Bb2 O-O 6. Nc3 Re8 7. Qc2 c6 8. Rc1
Nbd7 9. Be2 e5 10. cxd5 Nxd5 11. Ne4 N7f6 12. Nxd6 Qxd6 13. Qc5 Qxc5 14. Rxc5
Ne4 15. Rc1 f6 16. Ba3 Rd8 17. Bc4 Kh8 18. O-O Bg4 19. Rc2 Nb6 20. d4 Nxc4 21.
bxc4 Bxf3 22. gxf3 Ng5 23. f4 exf4 24. Rb1 b6 25. Bc1 f3 26. c5 b5 27. a4 a6
28. Ra2 Ne4 29. Ra3 bxa4 30. Rb6 Nxc5 31. Rxc6 Ne4 32. Rxa4 a5 33. h4 h5 34. d5
f5 35. d6 Rxd6 36. Rxd6 Nxd6 37. Bd2 Nb7 38. Kh2 Rd8 39. Be1 Rd5 40. Kg3 Kh7
41. Kxf3 Kh6 42. e4 fxe4+ 43. Rxe4 Nc5 44. Rc4 a4 45. Bb4 Nd3 46. Bc3 a3 47.
Ra4 Rf5+ 48. Kg3 Nxf2 49. Rxa3 Ne4+ 50. Kg2 Rf2+ 51. Kg1 Rf4 52. Be1 Rg4+ 53.
Kh2 Kg6 54. Rf3 Kh7 55. Rf5 g6 56. Rf1 Nd6 57. Rf7+ 0-1

[Event "Moscow-Open 2021_B"]
[Site "Moscow"]
[Date "2021.02.24"]
[Round "5.21"]
[White "Zvereva, Margarita"]
[Black "Korovina, Yana"]
[Result "1/2-1/2"]
[WhiteElo "1937"]
[BlackElo "1531"]
[PlyCount "111"]
[EventDate "2021.02.20"]

1. e4 c5 2. Nf3 d6 3. d4 cxd4 4. Nxd4 Nf6 5. Nc3 Nc6 6. Be2 g6 7. Be3 Bg7 8.
O-O O-O 9. Nb3 h5 10. h3 Bd7 11. f4 a5 12. Nd2 Rb8 13. a4 Nb4 14. Nc4 b6 15. e5
dxe5 16. fxe5 Nh7 17. Nd5 Nxd5 18. Qxd5 Be6 19. Qe4 Qc7 20. Bf4 Rbd8 21. Rad1
Rc8 22. b3 Qc5+ 23. Kh1 Bf5 24. Qf3 Qc6 25. Qg3 Rcd8 26. Bf3 Qe6 27. Ne3 Qc8
28. Nxf5 Qxf5 29. c4 Rd3 30. Rb1 Rfd8 31. Qh2 Qc8 32. Be2 R3d4 33. Qg3 Qe6 34.
Qf2 R4d7 35. Qe3 Qc6 36. Qf2 e6 37. Rbd1 Qc5 38. Be3 Qxe5 39. Bxb6 Rxd1 40.
Rxd1 Rxd1+ 41. Bxd1 Ng5 42. Bc2 Qb2 43. h4 Qc1+ 44. Kh2 Be5+ 45. g3 Nh7 46. Be3
Qb2 47. Bd1 Qxf2+ 48. Bxf2 Nf6 49. Bf3 Bc7 50. Kg2 Ng4 51. Bxg4 hxg4 52. Bc5 f5
53. b4 axb4 54. Bxb4 Kf7 55. Kf2 Ke8 56. Bd2 1/2-1/2

[Event "Moscow-Open 2021_B"]
[Site "Moscow"]
[Date "2021.02.24"]
[Round "5.22"]
[White "Yagutian, Mariya"]
[Black "Mikheeva, Galina"]
[Result "0-1"]
[WhiteElo "1691"]
[BlackElo "1873"]
[PlyCount "88"]
[EventDate "2021.02.20"]

1. d4 Nf6 2. Nf3 d5 3. e3 Bf5 4. Bd3 Bg6 5. O-O e6 6. b3 Bd6 7. Bb2 O-O 8. Ne5
Nbd7 9. f4 Bxe5 10. dxe5 Ne4 11. Nd2 Ndc5 12. Be2 Nxd2 13. Qxd2 Ne4 14. Qd1 Qh4
15. Bg4 Rfd8 16. f5 exf5 17. Bxf5 Qg5 18. Bxg6 Qxe3+ 19. Kh1 hxg6 20. Bd4 Qd2
21. Qxd2 Nxd2 22. Rf4 Rd7 23. a4 Ne4 24. Rd1 Ng5 25. Bb2 Ne6 26. Rh4 Rad8 27.
Rd3 g5 28. Rg4 d4 29. h4 gxh4 30. Rxh4 Rd5 31. b4 g5 32. Re4 Kg7 33. Re1 Kg6
34. g3 c6 35. Kg2 b6 36. Rf3 c5 37. bxc5 bxc5 38. Rf6+ Kg7 39. Ref1 R8d7 40.
R6f5 c4 41. Bc1 d3 42. cxd3 cxd3 43. Bxg5 d2 44. Rd1 Kg6 0-1

[Event "Moscow-Open 2021_B"]
[Site "Moscow"]
[Date "2021.02.24"]
[Round "5.23"]
[White "Voskresenskaya, Marta"]
[Black "Lyutsinger, Iren"]
[Result "1-0"]
[WhiteElo "1853"]
[BlackElo "1415"]
[PlyCount "95"]
[EventDate "2021.02.20"]

{[%evp 0,80,38,31,36,36,81,61,61,26,26,19,75,47,50,50,30,47,40,44,22,11,29,32,
25,-38,-61,-61,-61,-51,24,-51,20,-5,-5,-56,-60,-63,-69,-40,-3,-3,-7,-41,-41,
-61,-45,-49,-31,-31,-24,-15,-15,-21,-23,-28,-21,-14,-8,-8,-16,-21,-21,-21,-21,
-21,-21,-21,-21,-21,-30,-8,53,52,53,49,49,47,37,48,37,0,15]} 1. d4 Nf6 2. c4 g6
3. Nc3 Bg7 4. Nf3 O-O 5. g3 d6 6. Bg2 c5 7. O-O Nc6 8. d5 Na5 9. Nd2 b6 10. Qc2
Nd7 11. b3 a6 12. Bb2 Ne5 13. f4 Ng4 14. Nd1 Nb7 15. Bxg7 Kxg7 16. Qc3+ Kg8 17.
e4 e6 18. h3 Nf6 19. Ne3 exd5 20. exd5 Re8 21. f5 g5 22. Qd3 h6 23. Rae1 Kg7
24. Qc3 Bd7 25. Ne4 h5 26. Nxg5 Kg8 27. h4 b5 28. Bf3 Re5 29. Bd1 b4 30. Qc1
Qe7 31. Nf3 Re8 32. Nxe5 Qxe5 33. Kh2 Ne4 34. Rf3 Kh7 35. Ng2 Rg8 36. Qf4 Qxf4
37. Nxf4 Bxf5 38. Nxh5 Bg6 39. Nf6+ Nxf6 40. Rxf6 Kg7 41. Rf2 Nd8 42. g4 Rh8
43. Kg3 f6 44. h5 Re8 45. Rfe2 Rxe2 46. Rxe2 Bf7 47. Bc2 Kh6 48. Re7 1-0

[Event "Moscow-Open 2021_B"]
[Site "Moscow"]
[Date "2021.02.24"]
[Round "5.24"]
[White "Dryaeva, Lana"]
[Black "Zaitseva, Lyudmila"]
[Result "0-1"]
[WhiteElo "1404"]
[BlackElo "1852"]
[PlyCount "126"]
[EventDate "2021.02.20"]

1. d4 Nf6 2. c4 g6 3. Nc3 Bg7 4. e4 O-O 5. Nf3 d6 6. Be2 e5 7. O-O Nc6 8. d5
Ne7 9. Nd2 Nd7 10. b4 a5 11. Ba3 b6 12. bxa5 f5 13. f3 Bh6 14. Nb3 bxa5 15. c5
dxc5 16. Na4 Rf6 17. Naxc5 Nxc5 18. Bxc5 Ba6 19. Nd2 Nc8 20. Nc4 Bxc4 21. Bxc4
Nd6 22. Bd3 f4 23. Rb1 Bf8 24. Qc2 g5 25. h3 h5 26. Be2 Qe8 27. Rfc1 Rf7 28.
Rb3 Rg7 29. Rc3 Qg6 30. Bxd6 Bxd6 31. Qa4 Rb8 32. Rb3 Rb4 33. Rxb4 axb4 34. Kf1
Kf8 35. Rc6 g4 36. fxg4 Qxe4 37. Qd1 Qe3 38. Qc1 hxg4 39. Qxe3 fxe3 40. Bxg4
Rf7+ 41. Ke2 Rf2+ 42. Kxe3 Rxa2 43. Bf3 b3 44. Rc1 b2 45. Rb1 Bc5+ 46. Kd2 Bd4
47. Be4 Ra3 48. Rf1+ Kg7 49. Bd3 Rc3 50. Rb1 Rc5 51. Be4 Kf6 52. h4 Ra5 53. Ke2
Ra3 54. Rf1+ Kg7 55. Rf3 Ra1 56. Rf1 Be3 57. Bc2 Bc1 58. Kd3 Ra3+ 59. Ke4 Re3+
60. Kf5 Re2 61. Be4 Rxe4 62. Rf3 b1=Q 63. Rg3+ Kf7 0-1

[Event "Moscow-Open 2021_B"]
[Site "Moscow"]
[Date "2021.02.24"]
[Round "5.25"]
[White "Gutkovich, Polina"]
[Black "Vasiljeva, Anna"]
[Result "0-1"]
[WhiteElo "2061"]
[BlackElo "1797"]
[PlyCount "108"]
[EventDate "2021.02.20"]

1. d4 Nf6 2. c4 e6 3. Nf3 b6 4. g3 Ba6 5. Qa4 c5 6. dxc5 bxc5 7. Bg2 Bb7 8. O-O
Be7 9. Nc3 O-O 10. Bf4 Qb6 11. Rfd1 Rd8 12. Nb5 d6 13. a3 a6 14. Nc3 Nc6 15. b4
d5 16. Rab1 cxb4 17. axb4 dxc4 18. Rxd8+ Rxd8 19. b5 axb5 20. Rxb5 Qa6 21. Qxa6
Bxa6 22. Rb6 Nb4 23. Ne5 Bc5 24. Rxb4 Bxb4 25. Nc6 Bxc3 26. Nxd8 Bb2 27. Nc6 c3
28. Nd4 e5 29. Bxe5 c2 30. Nxc2 Bxe5 31. f4 Bc3 32. Bf3 Bc4 33. Kf2 Bd5 34. Na3
Kf8 35. Bxd5 Nxd5 36. Kf3 f5 37. Nb5 Bb4 38. Nd4 g6 39. e4 fxe4+ 40. Kxe4 Nf6+
41. Kf3 Bc3 42. Ne2 Bb2 43. g4 Kf7 44. Ng3 Bd4 45. g5 Ne8 46. f5 Be5 47. fxg6+
Kxg6 48. Nf1 Kxg5 49. Kg2 Bf4 50. Kf3 Nf6 51. Kg2 Kg4 52. Kh1 Kh3 53. Kg1 Ng4
54. Kh1 Bxh2 0-1

[Event "Moscow-Open 2021_B"]
[Site "Moscow"]
[Date "2021.02.24"]
[Round "5.26"]
[White "Laukhina, Margarita A."]
[Black "Kvachko, Anastasiya"]
[Result "1-0"]
[WhiteElo "1761"]
[BlackElo "1882"]
[PlyCount "69"]
[EventDate "2021.02.20"]

1. Nf3 e6 2. c4 d5 3. d4 Nf6 4. Nc3 Be7 5. Bf4 O-O 6. e3 b6 7. cxd5 Nxd5 8.
Nxd5 Qxd5 9. Bd3 Bb4+ 10. Kf1 c6 11. Qc2 h6 12. Be4 Qb5+ 13. Kg1 Bb7 14. Ne5
Be7 15. h4 Bf6 16. Nc4 Nd7 17. Nd6 Qa6 18. Nxb7 Qxb7 19. Qxc6 Qxc6 20. Bxc6 e5
21. Bxa8 Rxa8 22. dxe5 Nxe5 23. Bxe5 Bxe5 24. Rb1 Rc8 25. a4 Rc4 26. b3 Rc3 27.
g3 a5 28. Kg2 Rc2 29. Rhc1 Rxc1 30. Rxc1 Bd6 31. Rc6 Bc5 32. Kf3 Kf8 33. Ke4
Ke7 34. Kd5 Kd7 35. Rxc5 1-0

[Event "Moscow-Open 2021_B"]
[Site "Moscow"]
[Date "2021.02.24"]
[Round "5.27"]
[White "Akulova, Taisiya"]
[Black "Alekseenko, Mariya"]
[Result "1/2-1/2"]
[WhiteElo "1833"]
[BlackElo "1656"]
[PlyCount "141"]
[EventDate "2021.02.20"]

1. e4 c5 2. Ne2 e6 3. d4 cxd4 4. Nxd4 a6 5. Nc3 Nc6 6. g3 Qc7 7. Bg2 Nf6 8. O-O
Be7 9. Re1 d6 10. Nxc6 bxc6 11. e5 dxe5 12. Rxe5 O-O 13. Bf4 Qb7 14. Re1 Rd8
15. Qf3 Bd7 16. b3 Nd5 17. Rad1 Nxf4 18. Qxf4 Be8 19. Ne4 Qb8 20. Rxd8 Qxd8 21.
Bf3 Qa5 22. Rd1 Rd8 23. Rxd8 Qxd8 24. Qe5 Qd7 25. Nc5 Qa7 26. b4 a5 27. a3 Bf6
28. Qd6 Be7 29. Qd4 axb4 30. axb4 Qb8 31. Qc4 e5 32. Nd3 Qd6 33. Qa2 Kf8 34.
Qa8 f5 35. Qc8 g6 36. Nc5 Kf7 37. Be2 Qd5 38. Qa6 Kf6 39. Nd3 g5 40. Qc8 Qd7
41. Qxd7 Bxd7 42. c3 e4 43. Nb2 Be8 44. Nc4 h5 45. h3 f4 46. Nd2 Bg6 47. gxf4
gxf4 48. f3 e3 49. Nc4 Bf5 50. Kg2 Be6 51. Na5 Bd7 52. Nb3 Kg5 53. Kh2 Kh4 54.
Nc1 Bxh3 55. Nd3 Bd6 56. c4 Bf5 57. b5 Bxd3 58. Bxd3 cxb5 59. cxb5 Bc7 60. Be2
Kg5 61. Bd3 Kf6 62. Kg2 Ke5 63. Kf1 h4 64. Ke1 h3 65. Bf1 h2 66. Bg2 Kf5 67.
Bh1 Kg5 68. Ke2 Kh5 69. Kf1 Kh4 70. Ke2 Kg3 71. Kf1 1/2-1/2

[Event "Moscow-Open 2021_B"]
[Site "Moscow"]
[Date "2021.02.24"]
[Round "5.28"]
[White "Volchkova, Alena"]
[Black "Baiburina, Kamilla"]
[Result "0-1"]
[WhiteElo "1539"]
[BlackElo "1829"]
[PlyCount "48"]
[EventDate "2021.02.20"]

1. e4 e6 2. d4 d5 3. Nc3 Nf6 4. e5 Nfd7 5. f4 c5 6. Nf3 Nc6 7. Be3 cxd4 8. Nxd4
Bc5 9. Qd2 O-O 10. Be2 Qe7 11. O-O-O a6 12. g4 Nxd4 13. Bxd4 b5 14. f5 Bxd4 15.
Qxd4 b4 16. fxe6 bxc3 17. exd7 cxb2+ 18. Kb1 Bxd7 19. Qxd5 Be6 20. Qe4 Rac8 21.
Qa4 Rc5 22. Qb4 Qc7 23. Bd3 Rb8 24. Qe4 Bxa2+ 0-1